000 00272nam a22000977a 4500
999 _c531454
_d531454
082 _aA45:V5 KERA/2023-24
100 _aKerala State Electricity Regulatory Commission
_916853
245 _aAnnual report, 2023-24
260 _aTrivandrum
_bThe author
_c2023-24
300 _a125p.